<?xml version="1.0" encoding="UTF-8"?>
<marc:record xmlns:marc="http://www.loc.gov/MARC21/slim" type="Bibliographic">
   <marc:leader>00000nam a2200000uc 4500</marc:leader>
   <marc:controlfield tag="001">1398321427</marc:controlfield>
   <marc:controlfield tag="003">DE-101</marc:controlfield>
   <marc:controlfield tag="005">20260604000226.0</marc:controlfield>
   <marc:controlfield tag="007">cr||||||||||||</marc:controlfield>
   <marc:controlfield tag="008">260506s2026    gw |||||o|||| 00||||ger  </marc:controlfield>
   <marc:datafield ind1=" " ind2=" " tag="015">
      <marc:subfield code="a">26,O06</marc:subfield>
      <marc:subfield code="2">dnb</marc:subfield>
   </marc:datafield>
   <marc:datafield ind1="7" ind2=" " tag="016">
      <marc:subfield code="2">DE-101</marc:subfield>
      <marc:subfield code="a">1398321427</marc:subfield>
   </marc:datafield>
   <marc:datafield ind1=" " ind2=" " tag="020">
      <marc:subfield code="a">9783867393980</marc:subfield>
      <marc:subfield code="9">978-3-86739-398-0</marc:subfield>
   </marc:datafield>
   <marc:datafield ind1="3" ind2=" " tag="024">
      <marc:subfield code="a">9783867393980</marc:subfield>
   </marc:datafield>
   <marc:datafield ind1="7" ind2=" " tag="024">
      <marc:subfield code="2">urn</marc:subfield>
      <marc:subfield code="a">urn:nbn:de:101:1-2605061603165.412016253311</marc:subfield>
   </marc:datafield>
   <marc:datafield ind1=" " ind2=" " tag="035">
      <marc:subfield code="a">(DE-599)DNB1398321427</marc:subfield>
   </marc:datafield>
   <marc:datafield ind1=" " ind2=" " tag="035">
      <marc:subfield code="a">(OCoLC)1593741129</marc:subfield>
   </marc:datafield>
   <marc:datafield ind1=" " ind2=" " tag="040">
      <marc:subfield code="a">1140</marc:subfield>
      <marc:subfield code="b">ger</marc:subfield>
      <marc:subfield code="c">DE-101</marc:subfield>
      <marc:subfield code="d">9999</marc:subfield>
   </marc:datafield>
   <marc:datafield ind1=" " ind2=" " tag="041">
      <marc:subfield code="8">1\p</marc:subfield>
      <marc:subfield code="a">ger</marc:subfield>
   </marc:datafield>
   <marc:datafield ind1=" " ind2=" " tag="044">
      <marc:subfield code="c">XA-DE-NW</marc:subfield>
   </marc:datafield>
   <marc:datafield ind1="7" ind2="4" tag="082">
      <marc:subfield code="8">14\p</marc:subfield>
      <marc:subfield code="a">616.85</marc:subfield>
      <marc:subfield code="q">DE-101</marc:subfield>
      <marc:subfield code="2">23kdnb</marc:subfield>
   </marc:datafield>
   <marc:datafield ind1="7" ind2=" " tag="083">
      <marc:subfield code="8">15\p</marc:subfield>
      <marc:subfield code="a">K</marc:subfield>
      <marc:subfield code="a">150</marc:subfield>
      <marc:subfield code="q">DE-101</marc:subfield>
      <marc:subfield code="2">23sdnb</marc:subfield>
   </marc:datafield>
   <marc:datafield ind1="1" ind2=" " tag="100">
      <marc:subfield code="8">4\p</marc:subfield>
      <marc:subfield code="0">(DE-588)128927348</marc:subfield>
      <marc:subfield code="0">https://d-nb.info/gnd/128927348</marc:subfield>
      <marc:subfield code="0">(DE-101)128927348</marc:subfield>
      <marc:subfield code="0">(isni)0000000117879785</marc:subfield>
      <marc:subfield code="a">Fricke, Susanne</marc:subfield>
      <marc:subfield code="d">1967-</marc:subfield>
      <marc:subfield code="e">Verfasser</marc:subfield>
      <marc:subfield code="4">aut</marc:subfield>
      <marc:subfield code="2">gnd</marc:subfield>
   </marc:datafield>
   <marc:datafield ind1="1" ind2="0" tag="245">
      <marc:subfield code="a">&#x98;Dem&#x9c; Zwang die rote Karte zeigen</marc:subfield>
      <marc:subfield code="b">Ein Ratgeber für Kinder und Jugendliche und ihre Eltern</marc:subfield>
      <marc:subfield code="c">Susanne Fricke, Katharina Armour</marc:subfield>
   </marc:datafield>
   <marc:datafield ind1=" " ind2=" " tag="250">
      <marc:subfield code="a">4., überarbeitete und aktualisierte Auflage 2026</marc:subfield>
   </marc:datafield>
   <marc:datafield ind1=" " ind2="1" tag="264">
      <marc:subfield code="a">Köln</marc:subfield>
      <marc:subfield code="b">Psychiatrie Verlag</marc:subfield>
      <marc:subfield code="c">2026</marc:subfield>
   </marc:datafield>
   <marc:datafield ind1=" " ind2="1" tag="264">
      <marc:subfield code="b">Psychiatrie Verlag</marc:subfield>
      <marc:subfield code="c">2026</marc:subfield>
   </marc:datafield>
   <marc:datafield ind1=" " ind2=" " tag="300">
      <marc:subfield code="a">Online-Ressource, 143 Seiten</marc:subfield>
   </marc:datafield>
   <marc:datafield ind1=" " ind2=" " tag="336">
      <marc:subfield code="a">Text</marc:subfield>
      <marc:subfield code="b">txt</marc:subfield>
      <marc:subfield code="2">rdacontent</marc:subfield>
   </marc:datafield>
   <marc:datafield ind1=" " ind2=" " tag="337">
      <marc:subfield code="a">Computermedien</marc:subfield>
      <marc:subfield code="b">c</marc:subfield>
      <marc:subfield code="2">rdamedia</marc:subfield>
   </marc:datafield>
   <marc:datafield ind1=" " ind2=" " tag="338">
      <marc:subfield code="a">Online-Ressource</marc:subfield>
      <marc:subfield code="b">cr</marc:subfield>
      <marc:subfield code="2">rdacarrier</marc:subfield>
   </marc:datafield>
   <marc:datafield ind1=" " ind2=" " tag="385">
      <marc:subfield code="8">3\p</marc:subfield>
      <marc:subfield code="0">(DE-588)4030550-8</marc:subfield>
      <marc:subfield code="0">https://d-nb.info/gnd/4030550-8</marc:subfield>
      <marc:subfield code="0">(DE-101)040305503</marc:subfield>
      <marc:subfield code="a">Kind</marc:subfield>
      <marc:subfield code="2">gnd</marc:subfield>
   </marc:datafield>
   <marc:datafield ind1="0" ind2=" " tag="490">
      <marc:subfield code="a">BALANCE ratgeber</marc:subfield>
   </marc:datafield>
   <marc:datafield ind1=" " ind2=" " tag="500">
      <marc:subfield code="a">Hinweis zur Barrierefreiheit der Online-Ressource: WCAG level AAA;</marc:subfield>
   </marc:datafield>
   <marc:datafield ind1=" " ind2=" " tag="500">
      <marc:subfield code="a">Hinweis zur Barrierefreiheit der Online-Ressource: WCAG v2.2;</marc:subfield>
   </marc:datafield>
   <marc:datafield ind1=" " ind2=" " tag="500">
      <marc:subfield code="a">Hinweis zur Barrierefreiheit, Version der Online-Ressource: EPUB 3.0</marc:subfield>
   </marc:datafield>
   <marc:datafield ind1="1" ind2=" " tag="583">
      <marc:subfield code="a">Archivierung/Langzeitarchivierung gewährleistet</marc:subfield>
      <marc:subfield code="5">DE-101</marc:subfield>
      <marc:subfield code="2">pdager</marc:subfield>
   </marc:datafield>
   <marc:datafield ind1=" " ind2="7" tag="650">
      <marc:subfield code="8">6\p</marc:subfield>
      <marc:subfield code="0">(DE-588)4234004-4</marc:subfield>
      <marc:subfield code="0">https://d-nb.info/gnd/4234004-4</marc:subfield>
      <marc:subfield code="0">(DE-101)042340047</marc:subfield>
      <marc:subfield code="a">Zwangsstörung</marc:subfield>
      <marc:subfield code="9">rswk-swf</marc:subfield>
      <marc:subfield code="2">gnd</marc:subfield>
   </marc:datafield>
   <marc:datafield ind1=" " ind2="7" tag="650">
      <marc:subfield code="8">8\p</marc:subfield>
      <marc:subfield code="0">(DE-588)4195461-0</marc:subfield>
      <marc:subfield code="0">https://d-nb.info/gnd/4195461-0</marc:subfield>
      <marc:subfield code="0">(DE-101)041954610</marc:subfield>
      <marc:subfield code="a">Bewältigung</marc:subfield>
      <marc:subfield code="9">rswk-swf</marc:subfield>
      <marc:subfield code="2">gnd</marc:subfield>
   </marc:datafield>
   <marc:datafield ind1=" " ind2="7" tag="650">
      <marc:subfield code="8">10\p</marc:subfield>
      <marc:subfield code="0">(DE-588)4234004-4</marc:subfield>
      <marc:subfield code="0">https://d-nb.info/gnd/4234004-4</marc:subfield>
      <marc:subfield code="0">(DE-101)042340047</marc:subfield>
      <marc:subfield code="a">Zwangsstörung</marc:subfield>
      <marc:subfield code="2">gnd</marc:subfield>
   </marc:datafield>
   <marc:datafield ind1=" " ind2="7" tag="650">
      <marc:subfield code="8">11\p</marc:subfield>
      <marc:subfield code="0">(DE-588)4030550-8</marc:subfield>
      <marc:subfield code="0">https://d-nb.info/gnd/4030550-8</marc:subfield>
      <marc:subfield code="0">(DE-101)040305503</marc:subfield>
      <marc:subfield code="a">Kind</marc:subfield>
      <marc:subfield code="2">gnd</marc:subfield>
   </marc:datafield>
   <marc:datafield ind1=" " ind2="7" tag="650">
      <marc:subfield code="8">12\p</marc:subfield>
      <marc:subfield code="0">(DE-588)4028859-6</marc:subfield>
      <marc:subfield code="0">https://d-nb.info/gnd/4028859-6</marc:subfield>
      <marc:subfield code="0">(DE-101)040288595</marc:subfield>
      <marc:subfield code="a">Jugend</marc:subfield>
      <marc:subfield code="2">gnd</marc:subfield>
   </marc:datafield>
   <marc:datafield ind1=" " ind2="7" tag="650">
      <marc:subfield code="8">13\p</marc:subfield>
      <marc:subfield code="0">(DE-588)4014516-5</marc:subfield>
      <marc:subfield code="0">https://d-nb.info/gnd/4014516-5</marc:subfield>
      <marc:subfield code="0">(DE-101)040145166</marc:subfield>
      <marc:subfield code="a">Eltern</marc:subfield>
      <marc:subfield code="2">gnd</marc:subfield>
   </marc:datafield>
   <marc:datafield ind1=" " ind2=" " tag="653">
      <marc:subfield code="a">(Produktform)Digital (delivered electronically)</marc:subfield>
   </marc:datafield>
   <marc:datafield ind1=" " ind2=" " tag="653">
      <marc:subfield code="a">(Zielgruppe)Empfehlenswert für Kinder und Jugendliche mit Zwangsstörung, Angehörige, Beratungsstellen, Kliniken und Ambulanzen, niedergelassene Kinder- und Jugendtherapeut*innen und -psychiater*innen, Kinderärzt*innen.</marc:subfield>
   </marc:datafield>
   <marc:datafield ind1=" " ind2=" " tag="653">
      <marc:subfield code="a">(Produktform (spezifisch))EPUB</marc:subfield>
   </marc:datafield>
   <marc:datafield ind1=" " ind2=" " tag="653">
      <marc:subfield code="a">(Zielgruppe)Allgemein</marc:subfield>
   </marc:datafield>
   <marc:datafield ind1=" " ind2=" " tag="653">
      <marc:subfield code="a">(BISAC Subject Heading)HEA039000: HEALTH &amp; FITNESS / Diseases &amp; Conditions / General</marc:subfield>
   </marc:datafield>
   <marc:datafield ind1=" " ind2=" " tag="653">
      <marc:subfield code="a">Zwang</marc:subfield>
   </marc:datafield>
   <marc:datafield ind1=" " ind2=" " tag="653">
      <marc:subfield code="a">Zwangserkrankung</marc:subfield>
   </marc:datafield>
   <marc:datafield ind1=" " ind2=" " tag="653">
      <marc:subfield code="a">Kinder- und Jugendpsychiatrie</marc:subfield>
   </marc:datafield>
   <marc:datafield ind1=" " ind2=" " tag="653">
      <marc:subfield code="a">Kinder- und Jugendpsychotherapie</marc:subfield>
   </marc:datafield>
   <marc:datafield ind1=" " ind2=" " tag="653">
      <marc:subfield code="a">Zwangsstörung</marc:subfield>
   </marc:datafield>
   <marc:datafield ind1=" " ind2=" " tag="653">
      <marc:subfield code="a">(VLB-WN)9465: Ratgeber / Gesundheit / Erkrankungen, Heilverfahren</marc:subfield>
   </marc:datafield>
   <marc:datafield ind1=" " ind2=" " tag="653">
      <marc:subfield code="a">(Neben-Lesemotiv, VLB)09: Orientieren</marc:subfield>
   </marc:datafield>
   <marc:datafield ind1=" " ind2=" " tag="653">
      <marc:subfield code="a">(Zielgruppe)Empfehlenswert für Kinder und Jugendliche mit Zwangsstörung, Angehörige, Beratungsstellen, Kliniken und Ambulanzen, niedergelassene Kinder- und Jugendtherapeuten und -psychiater, Kinderärzte.</marc:subfield>
   </marc:datafield>
   <marc:datafield ind1=" " ind2=" " tag="653">
      <marc:subfield code="a">(BISAC Subject Heading)PSY003000: PSYCHOLOGY / Applied Psychology</marc:subfield>
   </marc:datafield>
   <marc:datafield ind1=" " ind2=" " tag="653">
      <marc:subfield code="a">Zwang;Zwangserkrankung;Kinder- und Jugendpsychiatrie;Kinder- und Jugendpsychotherapie;Zwangsstörung</marc:subfield>
   </marc:datafield>
   <marc:datafield ind1=" " ind2="7" tag="655">
      <marc:subfield code="8">2\p</marc:subfield>
      <marc:subfield code="0">(DE-588)4163854-2</marc:subfield>
      <marc:subfield code="0">https://d-nb.info/gnd/4163854-2</marc:subfield>
      <marc:subfield code="0">(DE-101)041638549</marc:subfield>
      <marc:subfield code="a">Kindersachbuch</marc:subfield>
      <marc:subfield code="2">gnd-content</marc:subfield>
   </marc:datafield>
   <marc:datafield ind1="0" ind2="0" tag="689">
      <marc:subfield code="8">7\p</marc:subfield>
      <marc:subfield code="0">(DE-588)4234004-4</marc:subfield>
      <marc:subfield code="0">https://d-nb.info/gnd/4234004-4</marc:subfield>
      <marc:subfield code="0">(DE-101)042340047</marc:subfield>
      <marc:subfield code="D">s</marc:subfield>
      <marc:subfield code="a">Zwangsstörung</marc:subfield>
   </marc:datafield>
   <marc:datafield ind1="0" ind2="1" tag="689">
      <marc:subfield code="8">9\p</marc:subfield>
      <marc:subfield code="0">(DE-588)4195461-0</marc:subfield>
      <marc:subfield code="0">https://d-nb.info/gnd/4195461-0</marc:subfield>
      <marc:subfield code="0">(DE-101)041954610</marc:subfield>
      <marc:subfield code="D">s</marc:subfield>
      <marc:subfield code="a">Bewältigung</marc:subfield>
   </marc:datafield>
   <marc:datafield ind1="0" ind2=" " tag="689">
      <marc:subfield code="5">DE-101</marc:subfield>
      <marc:subfield code="5">DE-101</marc:subfield>
   </marc:datafield>
   <marc:datafield ind1="1" ind2=" " tag="700">
      <marc:subfield code="8">5\p</marc:subfield>
      <marc:subfield code="0">(DE-588)124548695</marc:subfield>
      <marc:subfield code="0">https://d-nb.info/gnd/124548695</marc:subfield>
      <marc:subfield code="0">(DE-101)124548695</marc:subfield>
      <marc:subfield code="0">(isni)0000000014936388</marc:subfield>
      <marc:subfield code="a">Armour, Katharina</marc:subfield>
      <marc:subfield code="e">Verfasser</marc:subfield>
      <marc:subfield code="4">aut</marc:subfield>
      <marc:subfield code="2">gnd</marc:subfield>
   </marc:datafield>
   <marc:datafield ind1="0" ind2="8" tag="776">
      <marc:subfield code="i">Erscheint auch als</marc:subfield>
      <marc:subfield code="n">Druck-Ausgabe</marc:subfield>
      <marc:subfield code="z">9783867393966</marc:subfield>
   </marc:datafield>
   <marc:datafield ind1="0" ind2="8" tag="776">
      <marc:subfield code="i">Erscheint auch als</marc:subfield>
      <marc:subfield code="n">Online-Ausgabe</marc:subfield>
      <marc:subfield code="z">9783867393973</marc:subfield>
   </marc:datafield>
   <marc:datafield ind1="0" ind2="0" tag="780">
      <marc:subfield code="i">Vorangegangen ist</marc:subfield>
      <marc:subfield code="z">9783867392457</marc:subfield>
   </marc:datafield>
   <marc:datafield ind1=" " ind2=" " tag="850">
      <marc:subfield code="a">DE-101a</marc:subfield>
   </marc:datafield>
   <marc:datafield ind1="4" ind2="0" tag="856">
      <marc:subfield code="u">https://nbn-resolving.org/urn:nbn:de:101:1-2605061603165.412016253311</marc:subfield>
      <marc:subfield code="x">Resolving-System</marc:subfield>
   </marc:datafield>
   <marc:datafield ind1=" " ind2="0" tag="856">
      <marc:subfield code="u">https://d-nb.info/1398321427/34</marc:subfield>
      <marc:subfield code="x">Langzeitarchivierung Nationalbibliothek</marc:subfield>
   </marc:datafield>
   <marc:datafield ind1="4" ind2=" " tag="856">
      <marc:subfield code="q">epub</marc:subfield>
   </marc:datafield>
   <marc:datafield ind1="1" ind2=" " tag="883">
      <marc:subfield code="8">1\p</marc:subfield>
      <marc:subfield code="a">npi</marc:subfield>
      <marc:subfield code="d">20260506</marc:subfield>
      <marc:subfield code="q">DE-101</marc:subfield>
      <marc:subfield code="u">https://d-nb.info/provenance/plan#npi</marc:subfield>
   </marc:datafield>
   <marc:datafield ind1="2" ind2=" " tag="883">
      <marc:subfield code="8">2\p</marc:subfield>
      <marc:subfield code="a">dnb-pa</marc:subfield>
      <marc:subfield code="d">20260507</marc:subfield>
      <marc:subfield code="q">DE-101</marc:subfield>
      <marc:subfield code="u">https://d-nb.info/provenance/plan#dnb-pa</marc:subfield>
   </marc:datafield>
   <marc:datafield ind1="2" ind2=" " tag="883">
      <marc:subfield code="8">3\p</marc:subfield>
      <marc:subfield code="a">dnb-pa</marc:subfield>
      <marc:subfield code="d">20260507</marc:subfield>
      <marc:subfield code="q">DE-101</marc:subfield>
      <marc:subfield code="u">https://d-nb.info/provenance/plan#dnb-pa</marc:subfield>
   </marc:datafield>
   <marc:datafield ind1="1" ind2=" " tag="883">
      <marc:subfield code="8">4\p</marc:subfield>
      <marc:subfield code="a">vlb-pa</marc:subfield>
      <marc:subfield code="d">20260507</marc:subfield>
      <marc:subfield code="q">DE-101</marc:subfield>
      <marc:subfield code="u">https://d-nb.info/provenance/plan#vlb-pa</marc:subfield>
   </marc:datafield>
   <marc:datafield ind1="1" ind2=" " tag="883">
      <marc:subfield code="8">5\p</marc:subfield>
      <marc:subfield code="a">vlb-pa</marc:subfield>
      <marc:subfield code="d">20260507</marc:subfield>
      <marc:subfield code="q">DE-101</marc:subfield>
      <marc:subfield code="u">https://d-nb.info/provenance/plan#vlb-pa</marc:subfield>
   </marc:datafield>
   <marc:datafield ind1="2" ind2=" " tag="883">
      <marc:subfield code="8">6\p</marc:subfield>
      <marc:subfield code="a">dnb-pa</marc:subfield>
      <marc:subfield code="d">20260507</marc:subfield>
      <marc:subfield code="q">DE-101</marc:subfield>
      <marc:subfield code="u">https://d-nb.info/provenance/plan#dnb-pa</marc:subfield>
   </marc:datafield>
   <marc:datafield ind1="2" ind2=" " tag="883">
      <marc:subfield code="8">7\p</marc:subfield>
      <marc:subfield code="a">dnb-pa</marc:subfield>
      <marc:subfield code="d">20260507</marc:subfield>
      <marc:subfield code="q">DE-101</marc:subfield>
      <marc:subfield code="u">https://d-nb.info/provenance/plan#dnb-pa</marc:subfield>
   </marc:datafield>
   <marc:datafield ind1="2" ind2=" " tag="883">
      <marc:subfield code="8">8\p</marc:subfield>
      <marc:subfield code="a">dnb-pa</marc:subfield>
      <marc:subfield code="d">20260507</marc:subfield>
      <marc:subfield code="q">DE-101</marc:subfield>
      <marc:subfield code="u">https://d-nb.info/provenance/plan#dnb-pa</marc:subfield>
   </marc:datafield>
   <marc:datafield ind1="2" ind2=" " tag="883">
      <marc:subfield code="8">9\p</marc:subfield>
      <marc:subfield code="a">dnb-pa</marc:subfield>
      <marc:subfield code="d">20260507</marc:subfield>
      <marc:subfield code="q">DE-101</marc:subfield>
      <marc:subfield code="u">https://d-nb.info/provenance/plan#dnb-pa</marc:subfield>
   </marc:datafield>
   <marc:datafield ind1="0" ind2=" " tag="883">
      <marc:subfield code="8">10\p</marc:subfield>
      <marc:subfield code="a">emagnd</marc:subfield>
      <marc:subfield code="c">0,43850</marc:subfield>
      <marc:subfield code="d">20260507</marc:subfield>
      <marc:subfield code="q">DE-101</marc:subfield>
      <marc:subfield code="u">https://d-nb.info/provenance/plan#emagnd</marc:subfield>
   </marc:datafield>
   <marc:datafield ind1="0" ind2=" " tag="883">
      <marc:subfield code="8">11\p</marc:subfield>
      <marc:subfield code="a">emagnd</marc:subfield>
      <marc:subfield code="c">0,40133</marc:subfield>
      <marc:subfield code="d">20260507</marc:subfield>
      <marc:subfield code="q">DE-101</marc:subfield>
      <marc:subfield code="u">https://d-nb.info/provenance/plan#emagnd</marc:subfield>
   </marc:datafield>
   <marc:datafield ind1="0" ind2=" " tag="883">
      <marc:subfield code="8">12\p</marc:subfield>
      <marc:subfield code="a">emagnd</marc:subfield>
      <marc:subfield code="c">0,25702</marc:subfield>
      <marc:subfield code="d">20260507</marc:subfield>
      <marc:subfield code="q">DE-101</marc:subfield>
      <marc:subfield code="u">https://d-nb.info/provenance/plan#emagnd</marc:subfield>
   </marc:datafield>
   <marc:datafield ind1="0" ind2=" " tag="883">
      <marc:subfield code="8">13\p</marc:subfield>
      <marc:subfield code="a">emagnd</marc:subfield>
      <marc:subfield code="c">0,10787</marc:subfield>
      <marc:subfield code="d">20260507</marc:subfield>
      <marc:subfield code="q">DE-101</marc:subfield>
      <marc:subfield code="u">https://d-nb.info/provenance/plan#emagnd</marc:subfield>
   </marc:datafield>
   <marc:datafield ind1="0" ind2=" " tag="883">
      <marc:subfield code="8">14\p</marc:subfield>
      <marc:subfield code="a">emakn</marc:subfield>
      <marc:subfield code="c">0,95442</marc:subfield>
      <marc:subfield code="d">20260507</marc:subfield>
      <marc:subfield code="q">DE-101</marc:subfield>
      <marc:subfield code="u">https://d-nb.info/provenance/plan#emakn</marc:subfield>
   </marc:datafield>
   <marc:datafield ind1=" " ind2=" " tag="883">
      <marc:subfield code="8">15\p</marc:subfield>
      <marc:subfield code="a">dnb-cgwrk</marc:subfield>
      <marc:subfield code="d">20260507</marc:subfield>
      <marc:subfield code="q">DE-101</marc:subfield>
      <marc:subfield code="u">https://d-nb.info/provenance/plan#dnb-cgwrk</marc:subfield>
   </marc:datafield>
   <marc:datafield ind1="r" ind2=" " tag="925">
      <marc:subfield code="a">ro</marc:subfield>
      <marc:subfield code="a">ra</marc:subfield>
   </marc:datafield>
   <marc:datafield ind1="1" ind2=" " tag="926">
      <marc:subfield code="a">JMP</marc:subfield>
      <marc:subfield code="o">93</marc:subfield>
      <marc:subfield code="v">1.2</marc:subfield>
      <marc:subfield code="x">Abnormal psychology</marc:subfield>
   </marc:datafield>
   <marc:datafield ind1="2" ind2=" " tag="926">
      <marc:subfield code="a">MKMT3</marc:subfield>
      <marc:subfield code="o">93</marc:subfield>
      <marc:subfield code="v">1.2</marc:subfield>
      <marc:subfield code="x">Psychotherapy: child and adolescent</marc:subfield>
   </marc:datafield>
   <marc:datafield ind1=" " ind2=" " tag="927">
      <marc:subfield code="a">66322440</marc:subfield>
   </marc:datafield>
</marc:record>
